| 000 | 00494nas a22001577a 4500 | ||
|---|---|---|---|
| 008 | 221124b |||||||| |||| 00| 0 eng d | ||
| 022 | _a2795-2673 | ||
| 050 |
_aBV 4811. _bA154 |
||
| 100 |
_aABOYEJI, Sam and Kafilat Ayanbanjo _920067 |
||
| 245 | _aGRACE for living: A daily devotional January - December 2021/ | ||
| 260 |
_aV.: _bFoursquare Gospel Church in Nigeria |
||
| 310 | _aAnnual | ||
| 650 |
_aDevotion Calendars _920068 |
||
| 650 |
_aDevotion literature _920069 |
||
| 942 |
_cJNL _k242.2 |
||
| 999 |
_c10193 _d10193 |
||